ბათუმის შოთა რუსთაველის სახელმწიფო უნივერსიტეტის ბიბლიოთეკა

Лабораторный практикум по общей и неорганической химии / (ბიბ.ჩანაწერი № 41252)

000 -LEADER
fixed length control field 00848nam a2200217Ia 4500
001 - CONTROL NUMBER
control field 7905
003 - CONTROL NUMBER IDENTIFIER
control field GE_BSU
005 - DATE AND TIME OF LATEST TRANSACTION
control field 20220930113319.0
008 - FIXED-LENGTH DATA ELEMENTS--GENERAL INFORMATION
fixed length control field 181216sru 2008xx |||||||||||||| ||rus||
020 ## - INTERNATIONAL STANDARD BOOK NUMBER
International Standard Book Number 9785060057492
040 ## - CATALOGING SOURCE
Transcribing agency GE_BSU
041 ## - LANGUAGE CODE
Language code of text/sound track or separate title rus
080 ## - UNIVERSAL DECIMAL CLASSIFICATION NUMBER
Universal Decimal Classification number 546(076) C-77
100 ## - MAIN ENTRY--PERSONAL NAME
Personal name Стась,Н.Ф.
9 (RLIN) 14910
245 ## - TITLE STATEMENT
Title Лабораторный практикум по общей и неорганической химии /
Statement of responsibility, etc. Н.Ф. Стась.
264 ## - PRODUCTION, PUBLICATION, DISTRIBUTION, MANUFACTURE, AND COPYRIGHT NOTICE
Place of production, publication, distribution, manufacture Москва :
Name of producer, publisher, distributor, manufacturer Высшая школа,
Date of production, publication, distribution, manufacture, or copyright notice 2008.
300 ## - PHYSICAL DESCRIPTION
Extent 215 стр.
Other physical details илл;
Dimensions 20 см.
653 ## - INDEX TERM--UNCONTROLLED
keyword Лабораторный практикум по общей и неорганической химии
653 ## - INDEX TERM--UNCONTROLLED
keyword ზოგადი და არაორგანული ქიმიის ლაბორატორიული
942 ## - ADDED ENTRY ELEMENTS (KOHA)
Koha item type წიგნი
Source of classification or shelving scheme
ეგზემპლარები
Withdrawn status Lost status Source of classification or shelving scheme Damaged status Not for loan Permanent Location Current Location Shelving location Date acquired Cost, normal purchase price Full call number Barcode Date last seen Copy number Price effective from Koha item type Public note
          ბათუმის შოთა რუსთაველის სახელმწიფო უნივერსიტეტის მთავარი ბიბლიოთეკა ბათუმის შოთა რუსთაველის სახელმწიფო უნივერსიტეტის მთავარი ბიბლიოთეკა წიგნსაცავი 2018-12-17 25.00 546(076) C-77 24368 2018-12-17 24368 2018-12-17 წიგნი 25.00
          ბათუმის შოთა რუსთაველის სახელმწიფო უნივერსიტეტის მთავარი ბიბლიოთეკა ბათუმის შოთა რუსთაველის სახელმწიფო უნივერსიტეტის მთავარი ბიბლიოთეკა წიგნსაცავი 2018-12-17 25.00 546(076) C-77 24369 2018-12-17 24369 2018-12-17 წიგნი 25.00